000 01010cam a2200241 a 4500
999 _c57914
_d57914
001 15951495
005 20221107154357.0
008 091019s2010 nyua b 001 0 eng
020 _a9780891288831 (pbk. : alk. paper)
041 _aeng
080 _a617.7 F-81
245 0 0 _aFoundations of low vision :
_bclinical and functional perspectives /
_cAnne L. Corn and Jane N. Erin, editors.
250 _a2nd ed.
264 _aNew York :
_bAFB Press,
_c2010.
300 _a965 p. :
_bill. ;
_c26 cm.
653 _aდაბალი მხედველობა
653 _aმედიცინა
700 1 _aCorn, Anne Lesley.
_eრედაქტორი
_910926
700 1 _aErin, Jane N.
_eრედაქტორი
_910927
856 _uhttps://books.google.ge/books?id=ro2mWxFgY5AC&source=gbs_ViewAPI&redir_esc=y
_yელ.ვერსია
942 _2udc
_cBK
955 _bre07 2009-10-19
_ire07 2009-10-19 to Dewey
_axe07 2010-06-25 1 copy rec'd., to CIP ver.
_axh00 2010-06-28 to USPL/STM